LEADER 01206nam a2200229 i 4500 001 000000228557 003 CaOOAMICUS 005 20140404000000.0 008 140404s1793 it u000 u ita u 013 $a207459 026 $aei22 t.er amn* simo (3) 1793 (R) 040 $aSeMil$bita 245 10$aTomo 1. 300 $aVIII, 396 p. 500 $aSegn. : a4 A-2A8 2B6. - Fondo Bidoglio. 500 $aMarca editoriale: Figura femminile, personificazione dell'Italia, con una cornucopia nella mano sinistra e uno scettro nella destra. (Utilizzata anche da Andrea Poletti). Rep. consultato: Marques d'impressors, Univ. di Barcellona. 773 0 $aScaramelli, Giovanni Battista $tDirettorio ascetico, in cui s'insegna il modo di condurre l'anime per vie ordinarie della grazia alla perfezione cristiana, indirizzato ai direttori dell'anime. Opera del padre Gio. Battista Scaramelli della Compagnia di Gesł. Tomo 1. [-2.].$dIn Venezia : Presso Simone Occhi, 1793.$g1$w()29670 850 $aSeMil 852 $aSeMil$W1$xVenegono$y1$m2C IV 50 FA$j178903$B178903$CSeMilBibl$Z2$F189934 $8I 941 1 $a2 961 $aLascito: Bidoglio don Maurizio 996 $6245$aTomo 1$9(OLS)http://semarc/title/46685 LEADER 01009nam a2200265 i 4500 001 000000196812 003 CaOOAMICUS 005 20140528000000.0 008 140528s2013 it u000 u ita u 013 $a175495 020 $a978-88-07-10498-5 040 $aSeMil$bita 100 1 $aBorgna, Eugenio,$d<1930-2024>.$0(OLS)http://semarc/name/30047 245 13$aLa dignitą ferita /$cEugenio Borgna. 260 $aMilano :$bFeltrinelli,$c2013. 300 $a225 p. ;$c22 cm. 490 0 $aCampi del sapere 650 4$aDignitą umana.$0(OLS)http://semarc/subject/11765 830 0$aCampi del sapere.$0(OLS)http://semarc/title/6510 850 $aSeMil 852 $aSeMil$W1$xVenegono$y1$m2O III 431$j147375$B147375$CSeMilBibl$Z2$F158926 $81 961 $aAcquisto: Cittą Nuova (Agente) 996 $6020$a978-88-07-10498-5$9(OLS)http://semarc/number/188810 996 $6245$aLa dignitą ferita$9(OLS)http://semarc/title/284176 996 $6260$aMilano :$bFeltrinelli$9(OLS)http://semarc/publisher/30237